00526nam a2200181Ia 4500008004100000020001500041082001300056100002600069245004600095250000800141260002500149300000800174500002400182650001200206942000700218952010400225999001500329230524s9999 xx 000 0 und d a8120326482 a4.6bSIN aBrijendra Singh94592 0aData Communications and Computer Networks a2ND aNEW DELHIbPHIc2004 a303 aQuantity Number: 1 aComp-Sc cBK 00104070aTATCLbTATCLcGENd2023-05-24l0o004.6 SINp6164r2023-05-24w2023-05-24yBKzCPSE3307 c6726d6726